000 00444nab a2200145Ia 4500
003 ES-SlBCS
005 20210601125231.0
008 140529s1973 xxu||||| |||| 00| 0 eng d
041 _aeng
100 1 _aClack, R. Jerold
_9155756
245 0 0 _aChisholm and Hume on Observing the Self
_c R. Jerold Clack
651 4 _aChisholm
_9133250
773 0 _tPhilosophy and Phenomenological Research
_gvol. 33, 1973, págs. 338-348
_wRev1411
942 _cAR
999 _c526953
_d526953